<?xml version="1.0" encoding="UTF-8"?>
<record
    xmlns:xsi="http://www.w3.org/2001/XMLSchema-instance"
    xsi:schemaLocation="http://www.loc.gov/MARC21/slim http://www.loc.gov/standards/marcxml/schema/MARC21slim.xsd"
    xmlns="http://www.loc.gov/MARC21/slim">

  <leader>01413nam a2200289Ia 4500</leader>
  <controlfield tag="008">120626s20102013mx            000 0 spa d</controlfield>
  <datafield tag="020" ind1=" " ind2=" ">
    <subfield code="a">9786074622010</subfield>
  </datafield>
  <datafield tag="050" ind1=" " ind2=" ">
    <subfield code="a">F1210 E72 2010</subfield>
  </datafield>
  <datafield tag="082" ind1=" " ind2=" ">
    <subfield code="a">917.2 H629</subfield>
  </datafield>
  <datafield tag="245" ind1=" " ind2=" ">
    <subfield code="a">Historia m&#xED;nima de la vida cotidiana en M&#xE9;xico </subfield>
    <subfield code="c">/ Pablo Escalante Gonzalbo, ...[et. al]; ep&#xED;logo de Veronica Z&#xE1;rate Toscano</subfield>
  </datafield>
  <datafield tag="260" ind1=" " ind2=" ">
    <subfield code="a">M&#xE9;xico </subfield>
    <subfield code="b">: El Colegio de M&#xE9;xico, Centro de Estudios Historicos, Seminario de Historia de la Vida Cotidiana</subfield>
    <subfield code="c">, 2010</subfield>
  </datafield>
  <datafield tag="300" ind1=" " ind2=" ">
    <subfield code="a">293 p&#xE1;ginas</subfield>
  </datafield>
  <datafield tag="337" ind1=" " ind2=" ">
    <subfield code="a">texto</subfield>
  </datafield>
  <datafield tag="338" ind1=" " ind2=" ">
    <subfield code="a">sin medio</subfield>
  </datafield>
  <datafield tag="339" ind1=" " ind2=" ">
    <subfield code="a">volumen</subfield>
  </datafield>
  <datafield tag="440" ind1=" " ind2=" ">
    <subfield code="a">(Historia m&#xED;nima)</subfield>
  </datafield>
  <datafield tag="500" ind1=" " ind2=" ">
    <subfield code="a">Reimpresiones: Primera reimp. de 2013
Incluye bibliograf&#xED;a p. 287-293</subfield>
  </datafield>
  <datafield tag="505" ind1=" " ind2=" ">
    <subfield code="a">Pablo Escalante Gonzalbo - La vida cotidiana entre los antiguos Nahuas.
Pilar Gonzalbo Aizpuru - La vida cotidiana en la nueva Espa&#xF1;a.
Anne Staples - El siglo XIX.
Engracia Loyo Bravo - El M&#xE9;xico revolucionario (1910-1940).
Cecilia Greaves Lain&#xE9; - El M&#xE9;xico contempor&#xE1;neo (1940-1980).
Ver&#xF3;nica Z&#xE1;rate Toscano - Ep&#xED;logo : los &#xFA;ltimos a&#xF1;os.</subfield>
  </datafield>
  <datafield tag="650" ind1="1" ind2="4">
    <subfield code="a">M&#xC9;XICO</subfield>
    <subfield code="x">VIDA SOCIAL Y COSTUMBRES</subfield>
  </datafield>
  <datafield tag="700" ind1=" " ind2=" ">
    <subfield code="a">Escalante Gonzalbo, Pablo, autor</subfield>
  </datafield>
  <datafield tag="700" ind1=" " ind2=" ">
    <subfield code="a">Gonzalbo Aizpuru, Pilar, autor</subfield>
  </datafield>
  <datafield tag="700" ind1=" " ind2=" ">
    <subfield code="a">Staples, Anne, autor</subfield>
  </datafield>
  <datafield tag="700" ind1=" " ind2=" ">
    <subfield code="a">Loyo Bravo, Engracia, autor</subfield>
  </datafield>
  <datafield tag="700" ind1=" " ind2=" ">
    <subfield code="a">Greaves Lain&#xE9;, Cecilia, autor</subfield>
  </datafield>
  <datafield tag="700" ind1=" " ind2=" ">
    <subfield code="a">Z&#xE1;rate Toscano, Ver&#xF3;nica, ep&#xED;logo</subfield>
  </datafield>
  <datafield tag="942" ind1=" " ind2=" ">
    <subfield code="c">LB</subfield>
    <subfield code="2">ddc</subfield>
  </datafield>
  <datafield tag="952" ind1=" " ind2=" ">
    <subfield code="0">0</subfield>
    <subfield code="1">0</subfield>
    <subfield code="2">ddc</subfield>
    <subfield code="4">0</subfield>
    <subfield code="7">0</subfield>
    <subfield code="a">01</subfield>
    <subfield code="b">01</subfield>
    <subfield code="d">2015-05-27</subfield>
    <subfield code="l">2</subfield>
    <subfield code="o">917.2 H629</subfield>
    <subfield code="p">01 004504</subfield>
    <subfield code="r">2017-12-06</subfield>
    <subfield code="s">2017-12-06</subfield>
    <subfield code="t">1</subfield>
    <subfield code="w">2015-05-27</subfield>
    <subfield code="y">LB</subfield>
  </datafield>
  <datafield tag="952" ind1=" " ind2=" ">
    <subfield code="0">0</subfield>
    <subfield code="1">0</subfield>
    <subfield code="2">lcc</subfield>
    <subfield code="4">0</subfield>
    <subfield code="7">0</subfield>
    <subfield code="a">01</subfield>
    <subfield code="b">01</subfield>
    <subfield code="d">2022-10-01</subfield>
    <subfield code="l">0</subfield>
    <subfield code="o">F1210 E72 2010</subfield>
    <subfield code="p">16 002223</subfield>
    <subfield code="r">2023-07-12</subfield>
    <subfield code="t">1</subfield>
    <subfield code="w">2022-10-01</subfield>
    <subfield code="y">LB</subfield>
  </datafield>
  <datafield tag="999" ind1=" " ind2=" ">
    <subfield code="c">72851</subfield>
    <subfield code="d">72851</subfield>
  </datafield>
</record>
